000 00703nam a2200193 4500
001 139879
003 ES-MaACL
005 20230906195933.0
007 t|
008 070214s1968 sp r ||||1| spa d
245 0 0 _aDiagnóstico bioquímico de las enfermedades internas /
_cD. Doering [et. al.] ; directores R. Schoen, H. Südhof ; traducción de la segunda edición alemana por el Dr. Juan Díaz Vázquez.
260 _aBarcelona :
_bCientífico Médica,
_c1968.
300 _aXX, 633 p. :
_bil. ;
_c25 cm.
700 1 _aDoering, D.
_944990
700 1 _aSchoen, Rudolf.
_9104606
700 1 _aSüdhof, H.
_9108718
700 1 _aDíaz Vázquez, J.
_944450
852 _aES-MaACL
_jC-34533
_bR.67026
999 _c139879
_d139879